01421cam a22003493a 45000010005000000030006000050050017000110080041000280100017000690200022000860200018001080350023001260400023001490500020001720820016001921000018002082450072002262600035002983000059003334400032003925050007004245200169004315210020006005210020006206500028006407000036006689060045007049420015007499990015007649520146007799520146009253877FISKH20240704134911.0040914s2004 nyua b 000 1 eng d a 2004558260 a0439569907 (pbk.) a9780439569903 a(OCoLC)ocm55084210 aCQFcCQFdDLCbeng00aMLCM 2006/4298004a551.5782221 aCole, Joanna.10aLost in the snow /cJoanna Cole ; illustrations by Carolyn Bracken. aNew York :bScholastic,c2004. a32 unnumbered pages : bcolor illustrations ; c23 cm  0aScholastic reader.nLevel 2 aH  aMs. Frizzle's students want to know what makes snow, so she proposes a field trip courtesy of the Magic School Bus, but disaster strikes when they lose Ms. Frizzle.8 a420 bLexile 8 aH bRaz-PLus  0aSnowvJuvenile fiction.1 aBracken, Carolyn.4illustrator  a7bcbcccopycatd2encipf20gy-gencatlg 2ddccBKn0 c3877d3877 00102ddc40708NFICa001b001cTK Blued2024-05-20l6oCOL 551.5784 PZ7.C65pFISBK02752r2025-12-18 08:27:12s2025-12-11t1w2024-05-20yBK 00102ddc40708NFICa001b001cTK Blued2024-07-04l5oCOL 551.5784 PZ7.C65pFISBK02745r2026-03-12 08:19:13s2026-03-05t2w2024-07-04yBK